00513nam a2200205Ia 450000500170000000800460001703700110006304000080007404000080008204000080009004100080009804100080010608400080011410000400012224500590016226000090022130000100023065000080024070000590024820260430150112.0008 250103s9999 xx 000 0 eng d aTheses aCRL beng ceng 2eng aeng qCRL aSema Vehotoli Au.; Pankaja P.B. Gu. 0aCritical analysis of mergers and acquisitions in india c2020 a362p. aLaw aUniversity of Delhi. Faculty of Law. Department of Law